The Kerala education act, 1958 (Record no. 82333)

MARC details
000 -LEADER
fixed length control field 00826cam a22002291 4500
001 - CONTROL NUMBER
control field sa 68008263
003 - CONTROL NUMBER IDENTIFIER
control field DLC
005 - DATE AND TIME OF LATEST TRANSACTION
control field 20260227112530.0
008 - FIXED-LENGTH DATA ELEMENTS--GENERAL INFORMATION
fixed length control field 690106s1968 ii k 000 0 eng
010 ## - LIBRARY OF CONGRESS CONTROL NUMBER
LC control number sa 68008263
025 ## - OVERSEAS ACQUISITION NUMBER
Overseas acquisition number PL480:I-E-10261
040 ## - CATALOGING SOURCE
Original cataloging agency DLC
Transcribing agency DLC
Modifying agency DLC
050 00 - LIBRARY OF CONGRESS CALL NUMBER
Classification number KNT8662.5.A311958
Item number N37 1968
082 00 - DEWEY DECIMAL CLASSIFICATION NUMBER
Classification number 340
110 1# - MAIN ENTRY--CORPORATE NAME
Corporate name or jurisdiction name as entry element Kerala, India (State).
Form subheading Laws, statutes, etc.
245 14 - TITLE STATEMENT
Title The Kerala education act, 1958
Remainder of title (Act 6 of 1959 as amended by Act 35 of 1960) with the Kerala education rules, 1959 as amended upto 1st February, 1968, notifications, orders, etc.,
Statement of responsibility, etc. by K. K. Narendran.
250 ## - EDITION STATEMENT
Edition statement [4th ed.]
260 ## - PUBLICATION, DISTRIBUTION, ETC.
Place of publication, distribution, etc. Ernakulam,
Name of publisher, distributor, etc. Southern Book Co.
Date of publication, distribution, etc. [1968]
300 ## - PHYSICAL DESCRIPTION
Extent 346 p.
Other physical details forms.
Dimensions 25 cm.
650 #0 - SUBJECT ADDED ENTRY--TOPICAL TERM
Topical term or geographic name entry element Educational law and legislation
Geographic subdivision Kerala.
700 1# - ADDED ENTRY--PERSONAL NAME
Personal name Narendran, K. K.,
Relator term ed.

No items available.

Powered by Koha